Pamiątka z Dusznik-Zdroju

Titel: Pamiątka z Dusznik-Zdroju / Koncepcja: Robert Serafin, Realizacja: Zbigniew Franczukowski
Beteiligt: ;
Ausgabe: Wydanie I
Veröffentlicht: Polanica-Zdrój : Wydawnictwo PressForum, 2021
Umfang: [31] Seiten : Illustrationen ; 20x20 cm
Format: Buch
Sprache: Polnisch
Schriftenreihe/
mehrbändiges Werk:
Dawnych pocztówek piękno i czar
Schlagworte:
ISBN: 9788396186300 ; 8396186308
Buchumschlag
X
alg: 48574499
001A    $03004:23-09-21 
001B    $01999:20-11-24 $t00:19:48.000 
001D    $01999:18-11-22 
001U    $0utf8 
001X    $00 
002@    $0Aay 
002C    $aText $btxt $2rdacontent 
002C    $aunbewegtes Bild $bsti $2rdacontent 
002D    $aohne Hilfsmittel zu benutzen $bn $2rdamedia 
002E    $aBand $bnc $2rdacarrier 
003@    $0485744996 
004A    $A978-83-961863-0-0 
004A    $083-961863-0-8 
006C    $01264454418 $aOCoLC 
007A    $0485744996 $aHEB 
007G    $0DE020F9E8E24AAEC5F1D2C12589110035B70E 
009P    $qapplication/pdf $A2 $3Inhaltsverzeichnis $uhttp://scans.hebis.de/HEBCGI/show.pl?48574499_toc.pdf $mV:DE-603;B:DE-Mb50 
009P    $qapplication/pdf $A2 $3Cover $uhttp://scans.hebis.de/HEBCGI/show.pl?48574499_cov.pdf $mV:DE-603;B:DE-Mb50 
010@    $apol 
010E    $erda 
011@    $a2021 $n2021 
021A    $aPamiątka z Dusznik-Zdroju $hKoncepcja: Robert Serafin, Realizacja: Zbigniew Franczukowski 
028C    $BMitwirkender $4ctb $7 $8Serafin, Robert [Tnd] $9143662414 
028C    $BZusammenstellender $4com $7 $8Franczukowski, Zbigniew [Tnu] $9227448782 
032@    $aWydanie I 
033A    $pPolanica-Zdrój $nWydawnictwo PressForum 
034D    $a[31] Seiten 
034I    $a20x20 cm 
034M    $aIllustrationen 
036G    $aDawnych pocztówek piękno i czar 
044A    $aBudownictwo drewniane $2dbn $S#7 $N650 
044A    $aFotografie $2dbn $S#7 $N650 
044A    $aPocztówka $2dbn $S#7 $N650 
044A    $aUzdrowiska $2dbn $S#7 $N650 
044A    $aDuszniki-Zdrój (woj $2dbn $S#7 $N651 
044A    $aAlbum $2dbn $S#7 $N655 
044A    $aBroszura $2dbn $S#7 $N655 
044K    $RReinerz $#Duszniki-Zdrój $#Duezniki-Zdroj $#Reinerz Duszniki Zdrój $#Bad Reinerz Duszniki Zdrój $74103654-2 $8Duszniki Zdrój [Tg1] $9085303801 
044K    $RPostsendung $#Postcards $#Cartes postales $#Cartoline $#Tarjetas postales $#Postkarten $74046902-5 $8Postkarte [Ts1] $9085130915 
045F    $a910.9438509041 $eDDC23BSB 
045F/01 $a910 
045F/03 $f09041 
045F/03 $f09042 
045F/03 $f09043 
045F/03 $g4385 
045R    $aGeschichte -1945 

lok: 48574499 24

exp: 48574499 24 1 #EPN
201B/01 $021-11-22 $t08:51:41.000 
201C/01 $023-09-21 
201U/01 $0utf8 
203@/01 $01169213073 
208@/01 $a21-11-22 $bz 
209A/01 $a22.04931 $du $f050 $h22 04931 $x00 
209C/01 $a22.04931 K $h22 04931 K 
209G/01 $a74549721 $x00 
220C/01 $afro/hae 
247C/01 $8358050-7 Marburg, Bibliothek des Herder-Instituts Marburg $9102600961 

lok: 48574499 78

exp: 48574499 78 1 #EPN
201B/01 $018-11-22 $t12:32:12.000 
201C/01 $018-11-22 
201U/01 $0utf8 
203@/01 $01220246719 
208@/01 $a18-11-22 $be 
209A/01 $a/ $f000 $x00 
209A/01 $ab*p $x01 
220C/01 $aeja 
244Z/01 $#Generalgouvernement Polen $#Polska $#Rzeczpospolita Polska $#Polska Rzeczpospolita Ludowa $#Poland $#Pologne $#République Polonaise $#Generalne Gubernatorstwo w Polsce $#Polish People's Republic $#Polska Rzeczpospolita Polen $#PRL $#RP $#Polen Generalgouvernement $#Polska Generalgouvernement $#Besetzte Polnische Gebiete $#Besetztes Gebiet in Polen $#Okupowane Polskie Obszary $#Obszary Okupowane w Polsce $#Volksrepublik Polen $#Polska Rosyjska $#Republic Polen $#Respublika Pol'ša $#Pol'skaja Narodnaja Respublika $#République de Pologne $#Polen Links der Weichsel $#Polska po Lewej Stronie Wisły $#Lenkija $#Polija $#Gubernija Carstva Pol'skago $#Republik Polen $74046496-9 $8--Tg1--Polen $x01 $9085129801 
244Z/01 $#Schlesien $#Schlesien $#Herzogtum Schlesien $#Herzogtum Schlesien Schlesien $#Provinz Schlesien $#Śla̜sk $#Slezsko $#Silesia $74052678-1 $8--Tg1--Schlesien $x02 $9085146781 
247C/01 $82080>Marburg/Lahn, Herder-Institut, Forschungsbibliothek, Bibliographieportal $9336309341
LEADER 00000cam a22000002c 4500
001 485744996
003 DE-603
005 20241120001948.0
007 tu
008 210923s2021 xx |||| | u00||u|pol c
020 |a 9788396186300 
020 |a 8396186308 
035 |a (DE-599)HEB485744996 
040 |a DE-603  |b ger  |c DE-603  |d DE-603  |e rda 
041 |a pol 
082 0 4 |8 1\u  |a 910.9438509041  |q DE-101  |2 23/BSB 
085 |8 1\u  |b 910 
085 |8 1\u  |z 1  |s 09041 
085 |8 1\u  |z 1  |s 09042 
085 |8 1\u  |z 1  |s 09043 
085 |8 1\u  |z 2  |s 4385 
245 0 0 |a Pamiątka z Dusznik-Zdroju  |c Koncepcja: Robert Serafin, Realizacja: Zbigniew Franczukowski 
250 |a Wydanie I 
264 1 |a Polanica-Zdrój  |b Wydawnictwo PressForum  |c 2021 
300 |a [31] Seiten  |b Illustrationen  |c 20x20 cm 
336 |a Text  |b txt  |2 rdacontent 
336 |a unbewegtes Bild  |b sti  |2 rdacontent 
337 |a ohne Hilfsmittel zu benutzen  |b n  |2 rdamedia 
338 |a Band  |b nc  |2 rdacarrier 
490 0 |a Dawnych pocztówek piękno i czar 
648 7 |a Geschichte -1945  |2 gnd 
650 7 |a Postkarte  |0 (DE-588)4046902-5  |0 (DE-603)085130915  |2 gnd 
651 7 |a Duszniki Zdrój  |0 (DE-588)4103654-2  |0 (DE-603)085303801  |2 gnd 
700 1 |a Serafin, Robert  |e Mitwirkender  |4 ctb  |0 (DE-603)143662414 
700 1 |a Franczukowski, Zbigniew  |e Zusammenstellender  |4 com  |0 (DE-603)227448782 
856 4 2 |m V:DE-603;B:DE-Mb50  |q application/pdf  |u http://scans.hebis.de/HEBCGI/show.pl?48574499_toc.pdf  |3 Inhaltsverzeichnis 
856 4 2 |m V:DE-603;B:DE-Mb50  |q application/pdf  |u http://scans.hebis.de/HEBCGI/show.pl?48574499_cov.pdf  |3 Cover 
924 0 |9 Mb 50  |a (DE-603)1169213073  |b DE-Mb50  |c HES  |d c  |g 22.04931 
924 0 |9 2080  |a (DE-603)1220246719  |b DE-2080  |c HES  |d d  |g /